Geography : Eco And Regional (Record no. 21740)
[ view plain ]
| 000 -LEADER | |
|---|---|
| fixed length control field | 00431nam a2200169Ia 4500 |
| 008 - FIXED-LENGTH DATA ELEMENTS--GENERAL INFORMATION | |
| fixed length control field | 220531s9999 xx 000 0 und d |
| 041 ## - LANGUAGE CODE | |
| Language code of text/sound track or separate title | eng |
| 082 ## - DEWEY DECIMAL CLASSIFICATION NUMBER | |
| Item number | DEK / BHA |
| 100 ## - MAIN ENTRY--PERSONAL NAME | |
| Personal name | Deka, P. / Bhagarbati, A. |
| 9 (RLIN) | 35441 |
| 245 ## - TITLE STATEMENT | |
| Title | Geography : Eco And Regional |
| 260 ## - PUBLICATION, DISTRIBUTION, ETC. (IMPRINT) | |
| Name of publisher, distributor, etc. | Willy Eastern |
| Date of publication, distribution, etc. | 1995 |
| 300 ## - PHYSICAL DESCRIPTION | |
| Extent | 251 |
| 542 ## - INFORMATION RELATING TO COPYRIGHT STATUS | |
| Copyright holder | 01-08-1997 |
| 650 ## - SUBJECT ADDED ENTRY--TOPICAL TERM | |
| Topical term or geographic name as entry element | Geography |
| 9 (RLIN) | 35442 |
| 906 ## - LOCAL DATA ELEMENT F, LDF (RLIN) | |
| d | 1997-1998 |
| f | 5290 |
| Withdrawn status | Lost status | Source of classification or shelving scheme | Damaged status | Not for loan | Home library | Current library | Date acquired | Vendor | Cost, normal purchase price | Total Checkouts | Total Holds | Full call number | Barcode | Date last seen | Bill Date | Koha item type | Original Barcode |
|---|---|---|---|---|---|---|---|---|---|---|---|---|---|---|---|---|---|
| Dewey Decimal Classification | Shri Siddhivinayak Mahila Mahavidyalaya | Shri Siddhivinayak Mahila Mahavidyalaya | 01/08/1997 | Modern | 70.00 | 1 | /DEK / BHA/B/2721 | SSMM-BK-2721 | 06/08/2022 | 06/08/2022 | Books | 010002721 |